000 01153nam a22002897a 4500
005 20100323151636.0
008 100323t xxu||||| |||| 00| 0 eng d
010 _aENG-95926
020 _a9788184840360
_c880.00
035 _aEN-79459
037 _bDBAD/PUB
040 _aDPL
082 _a338.10954
245 _aAgriculture and rural economy/
_cedited by Rajan Kumar Sahoo and Gyanindra Dash
260 _aNew Delhi
_bRegal Publications
_c2009
270 _aF-159, Rajouri Garden
_bNew Delhi
_e110027
300 _axvi, 240p. :
_c24 cm. (Hb)
_bill
500 _aIncludes bibliographical references and index.
520 _aProceedings of a national seminar held at Kendrapara on 17th February 2008.
650 _aAgriculture
_xEconomic aspects
_zIndia
650 _aRural development
_zIndia
650 _aAgriculture and state
_zIndia
700 _aSahoo, Rajan Kumar
700 _aDash Gyanindra
942 _2ddc
_cEN
_mAGR
_h338.10954
999 _c34846
_d34846